ბათუმის შოთა რუსთაველის სახელმწიფო უნივერსიტეტის ბიბლიოთეკა

კაცი სარკმელთან. ბალადები და პოემები (ბიბ.ჩანაწერი № 47739)

000 -LEADER
fixed length control field 00855nam a2200229Ia 4500
001 - CONTROL NUMBER
control field 14610
003 - CONTROL NUMBER IDENTIFIER
control field GE_BSU
008 - FIXED-LENGTH DATA ELEMENTS--GENERAL INFORMATION
fixed length control field 181216s||||||||xx |||||||||||||| ||und||
020 ## - INTERNATIONAL STANDARD BOOK NUMBER
International Standard Book Number 9994005189
040 ## - CATALOGING SOURCE
Transcribing agency GE_BSU
080 ## - UNIVERSAL DECIMAL CLASSIFICATION NUMBER
Universal Decimal Classification number 821.353.1-144
100 ## - MAIN ENTRY--PERSONAL NAME
Personal name გიგაური,გიორგი
245 ## - TITLE STATEMENT
Title კაცი სარკმელთან. ბალადები და პოემები
245 ## - TITLE STATEMENT
Statement of responsibility, etc. რედ. ვაჟა ოთარაშვილი. მხატვ. მალხაზ თავაძე
260 ## - PUBLICATION, DISTRIBUTION, ETC.
Place of publication, distribution, etc. თბილისი
260 ## - PUBLICATION, DISTRIBUTION, ETC.
Name of publisher, distributor, etc. ეროვნული მწერლობა
260 ## - PUBLICATION, DISTRIBUTION, ETC.
Date of publication, distribution, etc. 2006
300 ## - PHYSICAL DESCRIPTION
Extent 179გვ.1ფ.პორტრ.15სმ.
653 ## - INDEX TERM--UNCONTROLLED
Uncontrolled term ბალადები და პოემები
653 ## - INDEX TERM--UNCONTROLLED
Uncontrolled term კაცი სარკმელთან
942 ## - ADDED ENTRY ELEMENTS (KOHA)
Koha item type წიგნი
ეგზემპლარები
Withdrawn status Lost status Damaged status Not for loan Date acquired Barcode Date last seen Price effective from Koha item type
        2018-12-17 37736 2018-12-17 2018-12-17 წიგნი